000 00533nam a2200181 a 4500
001 1767765542457
003 YourLibrary
005 20260107144640.0
008 260107s2003##################000#0#eng##
020 _a9789052011684
082 0 4 _a300.7204
_bCAS
100 1 _aCassling, Robin,
_eauthor.
245 1 0 _aSocial Sciences and Political Change :
260 _bP.I.E-Peter Lang S.A., Editions Scientifiques Internationales,
_c2003.
650 0 _aCivil society.
942 _cENGLISH
040 _aYourLibrary
_beng
_cYourLibrary
999 _c607509
_d607509